| 000 | 00510nam a2200169 a 4500 | ||
|---|---|---|---|
| 005 | 20240807063805.0 | ||
| 008 | 991125s1962 mx 000 0 spa u | ||
| 035 | _aUPN01000059258 | ||
| 049 | _aCG | ||
| 050 | 4 |
_aQL47.2 _bC3.9 1962 |
|
| 100 | 1 | _aCaballero C., Eduardo | |
| 245 | 1 | 0 |
_aZoología práctica : _bpara el laboratorista de un curso elemental de zoología / _cpor Eduardo Caballero C. |
| 260 |
_aMéxico : _bECLALSA, _c1962. |
||
| 300 |
_a168 p. : _bil. |
||
| 650 | 4 |
_aZoología _97876 |
|
| 905 | _aLibro | ||
| 999 |
_c59258 _d59258 |
||